| 000 | 00495nam a2200157 4500 | ||
|---|---|---|---|
| 001 | 42245 | ||
| 090 | _a42245 | ||
| 100 | _a20231113 pory50 | ||
| 101 | _apor | ||
| 102 | _aPT | ||
| 200 |
_aTratado 2.º de Geometria prática _emanuscrito n.º 194 da Biblioteca Geral da Universidade de coimbra _festudo e notas de Luís Artur Esteves Pereira |
||
| 210 |
_aLisboa _cFundação Calouste Gulbenkian , Serviço de Música _d1984 |
||
| 215 | _a190 p. | ||
| 675 | _a78 | ||
| 801 |
_aPT _gRPC |
||
| 990 | _cLIVROS | ||